បង្គុំបច្ចេកទេសបង្កើនផលិតភាពដំណាំស្រូវ (Record no. 25393)
[ view plain ]
| 000 -LEADER | |
|---|---|
| fixed length control field | 00416nam a22001217a 4500 |
| 040 ## - CATALOGING SOURCE | |
| Transcribing agency | RUA |
| 082 ## - DEWEY DECIMAL CLASSIFICATION NUMBER | |
| Classification number | ACI អ៊ុក 2011 A126 Or. |
| 100 ## - MAIN ENTRY--AUTHOR NAME | |
| Personal name | អ៊ុក ម៉ាការា |
| 245 ## - TITLE STATEMENT | |
| Title | បង្គុំបច្ចេកទេសបង្កើនផលិតភាពដំណាំស្រូវ |
| 260 ## - PUBLICATION, DISTRIBUTION, ETC. (IMPRINT) | |
| Place of publication | PHNOM PENH |
| Name of publisher | RUA |
| Year of publication | 2011 |
| 300 ## - PHYSICAL DESCRIPTION | |
| Number of Pages | vi, |
| Other physical details | ill, |
| Dimensions | 22cm, |
| 942 ## - ADDED ENTRY ELEMENTS (KOHA) | |
| Koha item type | សៀវភៅគោល |
| 952 ## - LOCATION AND ITEM INFORMATION (KOHA) | |
| Withdrawn status [LOCAL, KOHA] | 0 |
| 952 ## - LOCATION AND ITEM INFORMATION (KOHA) | |
| Withdrawn status [LOCAL, KOHA] | 0 |
| Permanent Location | Date acquired | Koha item type | Lost status | Shelving location | Barcode | Current Location | Full call number |
|---|---|---|---|---|---|---|---|
| Library Block A | 2025-07-18 | សៀវភៅគោល | A126 | A084108 | Library Block A | ACI អ៊ុក 2011 A126 Or. | |
| Library Block A | 2025-07-18 | សៀវភៅគោល | A126 | A083907 | Library Block A | ACI អ៊ុក 2011 A126 Or. |